000 00644nam a2200241Ia 4500
003 OSt
005 20221007073340.0
006 a|||||r|||| 00| 0
007 ta
008 221006b |||||||| |||| 00| 0 eng d
024 _a21,479
037 _cTextual
040 _aFLL
_cFLL
_beng
041 _2eng
_aeng
082 _aZ2vN5, N4
100 _aKulsareshath V.D. Au.
_9692157
245 0 _aIndian legal and constitutional history
250 _a2nd
260 _aLucknow
_bEastern Book Comp. India
_c1994
300 _a615p
_ccm.
942 _hZ2vN5, N4
_cTEXL
_2CC
999 _c1148416
_d1148416